000 00513cam a2200169 4500
001 D13947
008 090401t1930 xxu||||| |||| 00| 0 eng d
035 _a(Sirsi) u12424
041 _aeng
100 _aSophian, Theodore John
245 4 _aThe London Building Act, 1930 with full notes, introduction, table of comparative sections, rules, regulations, by-laws and directions and index
260 _aLondon
_bSweet & Maxwell
_c1930
350 _a0
520 _aShelf 135
942 _n0
948 _c04/03/1997
999 _c86990
_d86990